00840nam a2200157Ia 450000500170000000800410001708200150005810000270007324500150010026000430011530000130015850003960017194200060056795200960057399900130066920240730072330.0240331s9999 xx 000 0 und d a294.3bWIC aWickramasinghe , K.D.P 0aAmavathura aColombobM.D. Gunasena & Co. Ltdc1953 a174 p ., aThis Edition Contains Six chapters of Amavatura, With a Complete English Translation. Amavatura, is one of the best Sinhalese prose classics written in the twelfth century A.D. Gurulugomi, the author of the book, has made a successful attempt at elucidating some intricate problems of the doctorine and at narrating several incidents in the life of the Buddha, in a purely sinhalese style. cL 001040708LaWERCLbWERCLcSSCd2024-03-31l0o 294.3 WICp119r2024-03-31w2024-03-31yL c913d913